000 00310 a2200157 4500
001 61684
020 _a9788564199101
040 _cAnchieta - Pituba
100 _aAlves, Yara
240 1 0 _aMúsica faz
_lpor
245 1 0 _aMúsica faz
300 _a138
362 0 _a2011
650 4 _aMúsica
942 _cBK
999 _c61684
_d61684